000 01067nam a2200277Ia 4500
003 OSt
005 20221005105329.0
006 a|||||r|||| 00| 0
007 ta
008 221004b |||||||| |||| 00| 0 hin d
020 _a8186684530 (hbk)
_c450
024 _a26180
037 _b21, 17/03/2016, P. K. Books
_cTextual
040 _aCRL
_cCRL
_bhin
041 _2hin
_ahin
082 _aV213.L9, 152N9
100 _aबी. शेख अली
245 0 _aहैदर अली के साथ अंग्रेजों के संबंध
246 _aHaidar alī ke sāth aangrejoan ke sanbandha
260 _aनई दिल्ली
_bग्रंथ शिल्पी भारत
_c1999
300 _a293पृ0
_ccm.
650 _aहिन्दी साहित्य
700 _a राय, कौलेश्वर, अनु.
942 _hV213.L9, 152N9
_cTEXL
_2cc
999 _c1015490
_d1015490